Tribhuvan University Central Library

Simplified basic programming (Record no. 58803)

MARC details
000 -LEADER
fixed length control field 00558 a2200205 4500
041 ## - LANGUAGE CODE
Language code of text/sound track or separate title Eng
082 ## - DEWEY DECIMAL CLASSIFICATION NUMBER
Classification number 510.78
Item number R723b
100 ## - MAIN ENTRY--PERSONAL NAME
Personal name Rosenblatt, Lisa
9 (RLIN) 19002
100 ## - MAIN ENTRY--PERSONAL NAME
Personal name Rosenblatt, Judah
9 (RLIN) 19003
245 ## - TITLE STATEMENT
Title Simplified basic programming
Remainder of title with companion problems
260 ## - PUBLICATION, DISTRIBUTION, ETC.
Place of publication, distribution, etc. Ontario
Name of publisher, distributor, etc. Addison-Wesley
Date of publication, distribution, etc. 1973
300 ## - PHYSICAL DESCRIPTION
Extent vi, 229p.
650 ## - SUBJECT ADDED ENTRY--TOPICAL TERM
Topical term or geographic name entry element Mathematical programming
9 (RLIN) 16659
650 ## - SUBJECT ADDED ENTRY--TOPICAL TERM
Topical term or geographic name entry element Calculus
9 (RLIN) 7239
650 ## - SUBJECT ADDED ENTRY--TOPICAL TERM
Topical term or geographic name entry element Arithmetic
9 (RLIN) 8058
650 ## - SUBJECT ADDED ENTRY--TOPICAL TERM
Topical term or geographic name entry element Social sciences
653 ## - INDEX TERM--UNCONTROLLED
Uncontrolled term Mathematics
942 ## - ADDED ENTRY ELEMENTS (KOHA)
Source of classification or shelving scheme Dewey Decimal Classification
Koha item type General Collections
518 ## - DATE/TIME AND PLACE OF AN EVENT NOTE
-- 2067-11-8

No items available.